000 01178nam a22003617a 4500
003 CHAP
005 20220329143309.0
008 080312d2003 es r 00110 spa d
010 _a94592
011 _a95564
020 _a8484760944
035 _a106191
040 _cCHAP
082 0 4 _a637.1
_bL6
100 0 0 _aLópez Gómez, Antonio
_e, trad.
_967939
245 1 0 _aManual de industrias lácteas
_c/trad. por Antonio López Gómez
260 _aMadrid :
_bA. Madrid Vicente,
_c2003
300 _a436 p. :
_bilus. ; gráfs. ; cuadros
590 _aBATCH-UPD
_b10
_c20130110
_lUCH01
_h0014
590 _aBATCH-UPD
_b10
_c20130110
_lUCH01
_h1112
590 _aBATCH-UPD
_b10
_c20130409
_lUCH01
_h1952
590 _aBATCH-UPD
_b10
_c20130410
_lUCH01
_h0703
590 _aBATCH-UPD
_b10
_c20130914
_lUCH01
_h1312
590 _aCONVERSION
_b10
_c20130109
_lUCH01
_h1352
650 1 4 _aEnvases.
_937170
650 1 4 _aLeche
_xProducción.
_965400
650 1 4 _aMantequilla.
_970586
650 1 4 _aProductos lácteos
_xProcesado.
_992149
650 1 4 _aQueso.
_993221
901 _aBK
942 _cLIBRO
949 _a637.1 L6
_bBC
_cC
_d33724002048264
_eC
_gI. c/e.
_h109086
_i106191
_sb
_t$1,111.00
999 _c94592
_d94592